|
|
|
|
| LEADER |
00000nam a2200000 4500 |
| 005 |
20120229150729.0 |
| 007 |
cr|||| |||| |
| 008 |
A10218s1998 sp || 000|0 spa d |
| 020 |
|
|
|a 84-95027-08-9
|
| 035 |
|
|
|a 3280
|
| 040 |
|
|
|a BUS
|d vLex
|
| 080 |
|
|
|a 349.6 <460>
|
| 090 |
|
|
|c 3055
|d 3055
|
| 245 |
0 |
0 |
|a Fiscalidad ambiental
|h [Recurso electrn̤ico] /
|c edicin̤ a cargo de Ana Yb̀ar Sterling.
|
| 256 |
|
|
|a Servicio en ln̕ea
|
| 260 |
|
|
|a Barcelona
|b Cedecs,
|c 1998.
|
| 300 |
|
|
|a 1 recurso electrn̤ico
|
| 490 |
1 |
|
|a Derecho Financiero y Tributario.
|
| 506 |
1 |
|
|a Contenido solo disponible en los productos indicados
|d vLex Global
|d vLex Global (Academic Edition, excluding Law Schools)
|d vLex Global (U.S. Academic Edition, Law Schools)
|d vLex Global (U.S. Academic Edition, excluding Law Schools)
|d vLex Global (Academic Edition, Law Schools)
|
| 650 |
0 |
4 |
|a Medio ambiente
|x Derecho
|z Espaą.
|
| 650 |
0 |
4 |
|a Polt̕ica fiscal
|z Espaą.
|
| 700 |
1 |
|
|a Yb̀ar Sterling, Ana
|e editor literario.
|
| 740 |
0 |
|
|a vLex Libros (Servicio en ln̕ea)
|
| 856 |
4 |
0 |
|u http://vlex.com/source/fiscalidad-ambiental-3280
|z Acceso restringido
|
| 942 |
|
|
|c BOOK
|